| 000 | 01017nam a2200301 a 4500 | ||
|---|---|---|---|
| 008 | |||
| 020 | _a9780323072014 (paperback) | ||
| 040 |
_aNUST _cNUST |
||
| 049 | _aMAIN | ||
| 090 |
_aRC423 _bPEA |
||
| 100 | 1 |
_aPeach, Richard K., _aauthor. |
|
| 245 | 1 | 0 |
_aCognition and acquired language disorders : _ban information processing approach/ _c Richard Peach & Lewis P Shapiro. |
| 260 |
_aSt. Louis, Missouri : _bElsevier/Mosby, _c2012. |
||
| 300 |
_aix, 357 pages : _billustrations ; _b24 cm. |
||
| 336 |
_atext _btxt _2rdacontent |
||
| 337 |
_aunmediated _bn _2rdamedia |
||
| 338 |
_avolume _bnc _2rdacarrier |
||
| 500 | _aIncludes index. | ||
| 504 | _aIncludes bibliographical references. | ||
| 650 | 1 | _aLanguage disorders. | |
| 650 | _aCognition. | ||
| 650 |
_aLanguage disorders _xPsychological aspects. |
||
| 700 |
_aShapiro, Lewis P., _aauthor. |
||
| 907 |
_a.b10408484 _b25-08-21 _c25-08-21 |
||
| 003 | |||
| 005 | 20230123141218.0 | ||
| 942 |
_cBOOKS _kRC423 _mPEA |
||
| 999 |
_c169619 _d169619 |
||